000 00716nam a2200205Ia 4500
008 151119s9999||||xx |||||||||||||| ||und||
082 _a928.9146
082 _bGKKV25226
100 _aजोशी रत्नप्रभा
245 _aजीवनसाथीच्या नजरेतून अंतरंग
260 _a--
260 _b--
260 _c0
300 _a221pp.
600 _aजोशी रत्नप्रभा
630 _aजीवनसाथीच्या नजरेतून अंतरंग
700 _aजोशी रत्नप्रभा
730 _aजीवनसाथीच्या नजरेतून अंतरंग
942 _cBOOK
999 _c1077764
_d1077761